[Event "Cutro op-B 12th"]
[Site "Cutro"]
[Date "2006.04.27"]
[Round "5"]
[White "Paragliola, Gennaro"]
[Black "Meli, Massimo"]
[Result "0-1"]
[WhiteElo "1529"]
[BlackElo "1878"]
[PlyCount "64"]
[EventDate "2006.04.23"]
[EventType "swiss"]
[EventRounds "9"]
[EventCountry "ITA"]
[SourceTitle "EXT 2007"]
[Source "ChessBase"]
[SourceDate "2006.11.23"]
[SourceVersion "1"]
[SourceVersionDate "2006.11.23"]
[SourceQuality "1"]

1. d4 Nf6 2. c4 e6 3. Nc3 d5 4. Bg5 c6 5. cxd5 exd5 6. Nf3 h6 7. Bh4 Bf5 8. e3 Nbd7 9. Bd3 Bxd3 10. Qxd3 Be7 11. 0-0 0-0 12. Rac1 Ne8 13. Bxe7 Qxe7 14. Ne2 Nd6 15. Ng3 a5 16. a3 f5 17. Rfe1 Qf7 18. Re2 Ne4 19. Qb3 Rfb8 20. Nh4 g6 21. Nxe4 fxe4 22. g3 g5 23. Ng2 Qf3 24. Rcc2 Nf6 25. h4 Qf5 26. hxg5 hxg5 27. Re1 Qh3 28. Rcc1 Ng4 29. Qd1 Rf8 30. Rc2 Rf3 31. Kf1 Qh1+ 32. Ke2 Rxf2# 0-1